000 01302nam0a2200325 4500
001 RU\NLR\bibl\1317409
005 20260406124838.0
010 _a978-5-8138-0904-0
_911000
021 _aRU
_b2008-90829
_95307
035 _a(NLR Aleph) 001302783
090 _a629969
_c629969
100 _a20090119d2008 |||y0rusy50 ca
101 0 _arus
102 _aRU
105 _aa |||||||||
200 1 _aЩелкунчик и мышиный король
_e[сказка
_eдля младшего школьного возраста]
_fЭ.Т.А. Гофман
_gпересказ Т. Комзаловой
_g[худож. О. Ковалева]
210 _aСмоленск
_cРусич
_d2008
215 _a92 с., [6] л. цв. ил.
_cил.
_d22
225 1 _aВнеклассное чтение
686 _aШ9(4Г)60-4
700 1 _4070
_8rus
_7ca
_aГофман
_bЭ. Т. А.
_f1776-1822
_gЭрнст Теодор Амадей
_3RU\NLR\auth\771272
_9111300
702 1 _4040
_8rus
_7ca
_aКовалева
_bО. Г.
_cхудожник
_gОльга Геннадьевна
_3RU\NLR\auth\7746957
_929892
702 1 _aКомзалова
_bТ.
_4570
801 0 _aRU
_bNLR
_c20090119
_gRCR
801 1 _aRU
_bNLR
_c20090119
942 _cBOOK
980 _aNB
980 _aNBR